Holiday Quiz

Random Holiday or Typing Quiz

Typing Challenge: 100 Hanukkah Words Quiz Stats

 Plays Quiz Updated Sep 20, 2018

Score 0/100 Timer 03:00
0 Plays Today
What to type ↓ Type here! ↓ % Correct
????
100%
????
98%
????
97.5%
????
96.9%
????
96.1%
????
95.5%
????
95.1%
????
94.6%
????
94.4%
????
94%
????
93.8%
????
93.6%
????
93.5%
????
93.3%
????
93.1%
????
93%
????
92.8%
????
92.7%
????
92.6%
????
92.5%
????
92.3%
????
92.3%
????
92.1%
????
92%
????
92%
????
91.8%
????
91.6%
????
91.5%
????
91.4%
????
91.3%
????
91.1%
????
91%
????
90.9%
????
90.8%
What to type ↓ Type here! ↓ % Correct
????
90.7%
????
90.6%
????
90.5%
????
90.3%
????
90.2%
????
90.1%
????
89.9%
????
89.7%
????
89.7%
????
89.5%
????
89.3%
????
89.1%
????
88.9%
????
88.6%
????
88.5%
????
88.2%
????
88%
????
87.7%
????
87.4%
????
87.1%
????
86.9%
????
86.5%
????
86.1%
????
85.8%
????
85.4%
????
85%
????
84.6%
????
84%
????
83.6%
????
83.1%
????
82.6%
????
82.2%
????
81.7%
????
81%
What to type ↓ Type here! ↓ % Correct
????
80.2%
????
79.5%
????
78.6%
????
77.8%
????
76.6%
????
75.4%
????
74.4%
????
73.4%
????
72.5%
????
71.6%
????
70.6%
????
69.4%
????
68.2%
????
66.9%
????
65.2%
????
63.2%
????
61.9%
????
60.1%
????
58.4%
????
56.2%
????
53.8%
????
52.1%
????
49.4%
????
47.8%
????
45.6%
????
42.9%
????
41.2%
????
37.8%
????
35%
????
32.9%
????
30.1%
????
27.8%

You're not logged in!

Compare scores with friends on all Sporcle quizzes.
OR
Log In

Show Comments

Extras

Top Quizzes Today


Score Distribution

Your Account Isn't Verified!

In order to create a playlist on Sporcle, you need to verify the email address you used during registration. Go to your Sporcle Settings to finish the process.

Report this User

Report this user for behavior that violates our Community Guidelines.

Details: